Detalles MARC
| 000 -ENCABEZADO |
| Número de control [NR] |
02360nam a22003257a 4500 |
| 005 - FECHA Y HORA DE LA ÚLTIMA TRANSACCIÓN |
| control field |
20220114112824.0 |
| 008 - DE LONGITUD FIJA DE DATOS DE ELEMENTOS - INFORMACIÓN GENERAL |
| Elementos de longitud fija [NR] |
201107s1937 enk |||f||||| 001 0 mul d |
| 020 ## - NUMERO INTERNACIONAL NORMALIZADO PARA LIBROS [R] |
| Número Internacional Normalizado del libro [NR] |
978674993570 |
| 040 ## - FUENTE DE CATALOGACION [NR] |
| Quien Cataloga |
Sandra Yazo |
| Quien Clasifica |
Sandra Yazo |
| 041 0# - CODIGO DE IDIOMA [R] |
| Código de idioma para texto/pista de sonido o título separado [R] |
Inglés |
| -- |
Griego |
| 082 04 - NUMERO DE CLASIFICACION DECIMAL DEWEY [R] |
| Número de la edición [NR] |
20 |
| Número de clasificación [R] |
185.1 |
| 092 ## - SIGNATURA TOPOGRAFICA LOCAL |
| Número de clasificación local |
E62N056 |
| 100 1# - ASIENTO PRINCIPAL--NOMBRE PERSONAL [NR] |
| Nombre personal [NR] |
Aristóteles |
| ID Autoridad |
1041 |
| Fechas asociadas con el nombre [NR] |
384-322 a. C. |
| 242 00 - TRADUCCION DEL TITULO POR LA AGENCIA CATALOGADORA [R] |
| Título [NR] |
Aristóteles |
| Parte restante del título [NR] |
XII. |
| Mención de responsabilidad, etc. [NR] |
Traducidos al inglés por A. L. Peck ; E. S. Forster. |
| Nombre de la parte o sección [R] |
Partes de los animales ; Movimiento de los animales ; Progreso de los animales. |
| Código de idioma del título traducido [NR] |
spa |
| 245 14 - MENCION DE TITULO [NR] |
| Título [NR] |
Aristotle |
| Parte restante del título [NR] |
XII |
| Mención de responsabilidad, etc. [NR] |
With an english translation by A. L. Peck ; E. S. Forster. |
| Nombre de la parte/sección de la obra [R] |
Parts of animals. Movement of animals. Progression of animals. |
| 260 ## - PUBLICACION, DISTRIBUCION, ETC. (PIE DE IMPRENTA) [R] |
| Lugar de publicación, distribución, etc. [R] |
London [Londres] (Inglaterra) |
| Nombre del editor, distribuidor, etc. [R] |
Harvard University Press [Imprenta de la Universidad de Harvard] |
| Fecha de publicación, distribución, etc. [R] |
1937 |
| 300 ## - DESCRIPCION FISICA [R] |
| Extensión [R] |
556 páginas |
| Dimensiones [R] |
16 x 11 cm. |
| 490 0# - MENCION DE SERIE [R] |
| Mención de serie [R] |
Loeb classical Library |
| Designación numérica/secuencial del volumen [NR] |
323 |
| 500 ## - NOTA GENERAL [R] |
| Nota general [NR] |
Detalles físicos: Encuadernación rígida. Cartón duro forrado en tela. Lomo con adornos en dorado. En la tapa delantera anagrama en dorado. Cubierta de papel verde con solapa, que incluye datos de autor y de la obra. Guardas. Hoja de cortesía. Anteportada. Portada impresa en una sola tinta; información sobre la obra dentro de un recuadro. Pequeño grabado con el emblema de la Colección (Palas Athenea); en el círculo, la inscripción “Loeb Classical Library”. Texto muy bien impreso en una sola columna: el texto griego, con párrafos numerados, ocupa la página derecha; la traducción inglesa correspondiente a la página de la izquierda. Notas de pie de página. Incluye índice. Hojas de cortesía posteriores y guardas. |
| 505 0# - NOTA DE CONTENIDO CON FORMATO PREESTABLECIDO [R] |
| Nota de contenido con formato preestablecido [NR] |
Aristóteles 12: Partes de los animales: Palabras previas ; Introducción ; Texto y traducción ; Movimiento de los animales ; Progreso de los animales: Introducción ; Texto y traducción ; Índice de Partes de los animales ; Índice del movimiento y progreso de los animales |
| 506 ## - NOTA DE RESTRICCIONES DE ACCESO [R] |
| Condiciones de acceso [NR] |
Consulta en sala |
| 546 ## - NOTA DE IDIOMA [R] |
| Nota de idioma [NR] |
Texto en inglés y griego |
| 650 #7 - ASIENTO SECUNDARIO DE MATERIA - TERMINO TEMATICO [R] |
| 9 (RLIN) |
15732 |
| Término temático o nombre geográfico como elemento de entrada [NR] |
Filosofía aristotélica |
| 650 #7 - ASIENTO SECUNDARIO DE MATERIA - TERMINO TEMATICO [R] |
| 9 (RLIN) |
26437 |
| Término temático o nombre geográfico como elemento de entrada [NR] |
Zoología |
| 650 #7 - ASIENTO SECUNDARIO DE MATERIA - TERMINO TEMATICO [R] |
| Término temático o nombre geográfico como elemento de entrada [NR] |
Fisiología animal |
| 9 (RLIN) |
15926 |
| 690 ## - ASUNTO AGREGADO LOCAL DE ENTRADA - TÉRMINO TEMÁTICO (OCLC, RLIN) |
| Acceso temático local |
Filosofía |
| 9 (RLIN) |
75 |
| 700 1# - ASIENTO SECUNDARIO - NOMBRE PERSONAL [R] |
| Nombre personal [NR] |
Peck, A. L. |
| Término de relación [R] |
traductor |
| Fechas asociadas con el nombre [NR] |
1902-1974 |
| Forma más completa del nombre [NR] |
(Arthur Leslie) |
| 9 (RLIN) |
101866 |
| 700 1# - ASIENTO SECUNDARIO - NOMBRE PERSONAL [R] |
| Nombre personal [NR] |
Forster, E. S. |
| Término de relación [R] |
traductor |
| Fechas asociadas con el nombre [NR] |
1879-1950 |
| Forma más completa del nombre [NR] |
(Edward Seymour) |
| 9 (RLIN) |
101824 |
| 942 ## - ELEMENTOS DE ENTRADA AGREGADOS (KOHA) |
| Sistema de clasificación |
LOCAL |
| Tipo de ítem principal el descrito en 300a |
Libro |
| Edición |
1 |
| Clasificación |
E62N056 |